<?xml version="1.0" encoding="UTF-8"?>
<marc:record xmlns:marc="http://www.loc.gov/MARC21/slim">
   <marc:leader>00000nam a2200000 a 4500</marc:leader>
   <marc:datafield ind1=" " ind2=" " tag="653">
      <marc:subfield code="a">Kinder</marc:subfield>
   </marc:datafield>
   <marc:datafield ind1=" " ind2=" " tag="653">
      <marc:subfield code="a">Beethoven</marc:subfield>
   </marc:datafield>
   <marc:datafield ind1="0" ind2="0" tag="245">
      <marc:subfield code="a">Königsfloh und Tastenzauber</marc:subfield>
   </marc:datafield>
   <marc:datafield ind1="0" ind2="0" tag="245">
      <marc:subfield code="b">Beethoven für Kinder</marc:subfield>
   </marc:datafield>
   <marc:datafield ind1=" " ind2="1" tag="264">
      <marc:subfield code="b">Jumbo Medien</marc:subfield>
      <marc:subfield code="c">2009</marc:subfield>
   </marc:datafield>
   <marc:datafield ind1="1" ind2=" " tag="520">
      <marc:subfield code="a">Matthias, der Sänger, Lauras Klavierlehrerin, Franz, der Schlagwerker, Lauras Freund Lukas, die Ballettlehrerin und Erke, der Komponist, stellen den beiden sehr bekannte Melodien, aber auch richtige Geheimtipps vor. So ist die Auswahlliste der großen "Beethoven-Forscherin" Laura am Ende ziemlich lang und ganz nebenbei hat sie auch noch viel Interessantes über das Leben des großen Komponisten erfahren. "Königsfloh und Tastenzauber" ist ein humorvolles und informatives Musik-Hörspiel vom Kinderkonzert-Spezialisten Marko Simsa.</marc:subfield>
   </marc:datafield>
</marc:record>
